Las tendencias de cambio en el segundo nivel del sistema escolar

I tiakina i:
Ngā taipitopito rārangi puna kōrero
Kaituhi matua: Castro, Eduardo (Author)
Hōputu: Pukapuka
Reo:Pāniora
I whakaputaina: Santiago CPU 1983
Rangatū:Documento de trabajo, 282
Ngā marau:
Ngā Tūtohu: Tāpirihia he Tūtohu
Kāore He Tūtohu, Me noho koe te mea tuatahi ki te tūtohu i tēnei pūkete!

MARC

LEADER 00000nam a2200000 a 4500
001 UCW6283
003 CL-VaPUC
005 20231108162710.0
008 911119e19830000CL |||||||||||||||||spa|d
999 |c 219404  |d 219402 
040 |c Pontificia Universidad Católica de Valparaíso 
082 0 4 |a 373  |b CAS  |2 21 
100 0 |a Castro, Eduardo  |e author  |9 311326 
245 1 4 |a Las tendencias de cambio en el segundo nivel del sistema escolar 
260 |a Santiago  |b CPU  |c 1983 
300 |a 49 p 
490 0 |a Documento de trabajo, 282 
583 |a last modification  |c 19911119 00:00:00  |k Rodrigo Vera 
650 0 |a Educación media  |9 499610 
651 7 |a CHILE  |2 CL-VaPUC  |9 311327 
942 |c BK  |2 ddc 
945 |d 19911119 00:00:00 
952 |0 0  |1 0  |4 0  |6 373_000000000000000_CAS_1983  |7 0  |8 P  |9 210312  |a BIBEDU  |b BIBEDU  |c BIBEDU_PB  |d 2019-11-15  |i 2783851  |o 373 CAS 1983  |p 2783851  |r 2024-01-25  |w 2019-11-15  |y BK  |k EDU